| 000 | 00587nam a2200205 a 4500 | ||
|---|---|---|---|
| 005 | 20140310183539.0 | ||
| 008 | 111027s19uu xx 00 eng d | ||
| 020 | _a9780470505885 | ||
| 050 |
_aHF 1017 _b.B627 2011 |
||
| 100 | _aBlack, Ken | ||
| 245 |
_aApplied business statistics : _bmaking better business decisions / _cKen Black. |
||
| 250 | _a6th ed. | ||
| 260 |
_aNew Jersey : _bJohn Wiley & Sons, _c2011. |
||
| 300 |
_a836 p. : _bill. ; _c28 cm. |
||
| 500 | _aInclude index. | ||
| 521 | _aBSBA | ||
| 650 | _aCommercial statistics | ||
| 942 |
_cBK _2lcc _kFOR |
||
| 999 |
_c24761 _d24761 |
||